000 00527nam a22001697a 4500
005 20240111063518.0
008 240111b |||||||| |||| 00| 0 eng d
041 _aEnglish
082 _a346.7 MAR
100 _aHockly, HE
_lEnglish
245 _aMars : The Law of Insolvency in South Africa /
_cHE Hockly
250 _aSixth Edition
260 _aCape Town :
_bJuta and Company Ltd,
_c1968
300 _blix, 709 pages ;
_c26 cm.
650 _aLegal practice
_bLaw
942 _cBK
_6ALISON_BN_VRIES
999 _c1221
_d1221